1561 1801 1679 1162 1788 1350 1916 1696 1700 1590 1442 1944 1905 1730 1049 1576 1166 1814 1966 1426 1609 1522 1662 1268 1023 1522 1016 1520 1285 1340 1655 1946 1293 1665 1736 1010 1868 1870 1751 1892 1997 1241 1880 1933 1010 1500 1189 1486 1205 1741 1241 1287 1284 1639 1294 1811 1945 1303 1813 1990 1510 1488 1937 1182 1124 1083 1674 1475 1527 1995 1645 1112 1857 1414 1652 1492 1895 1861 1954 1974 1966 1444 1428 1599 1033 1777 1398 1267 1304 1924 1085 1118 1396 1811 1021 1428 1841 1627 1792 BCNSPRNW ULIB Ver.6.0+V

เปลี่ยนเป็นภาษาไทย

Change to English
 แสดงรายละเอียดบรรณานุกรม
  กลับหน้าหลัก

Brief Record : Get Marc (ISO 2709) : E-mail record : QR code < ปิดหน้าต่าง
LEADER : 00000nam 2200000uu 4500
001    13399113539
003     ULIB
008    111124s2543||||th 000 0 tha d
020    ^a9748273393
060 04 ^aWA380^bส251ก 2543
245 00 ^aกรณี : การพัฒนาพฤติกรรมผู้บริโภคในชุมชน :^bกระบวนการดำเนินงานสุขศึกษาเพื่อพัฒนาพฤติกรรมสุขภาพ /^cสมทรง รักษ์ เผ่า สรงค์กฎณ์ ดวงคำสวัสดิ์
250    ^aพิมพ์ครั้งที่ 1
260    ^aโครงการสวัสดิการวิชาการ สถาบันพระบรมราชชนก,^c2545
650  7 ^aสุขศึกษา
710 2  ^aกระทรวงสาธารณสุข
945    ^p100^l0^i8051
945    ^p100^l0^i8049
945    ^p100^l0^i8047
995    ^aกัณชพร
999    ^aใช้งานได้ทุกระบบ
รายการนี้ยังไม่มีแท็ก
คุณยังไม่ได้ล็อกอิน คุณสามารถมีกิจกรรมร่วมกับเว็บไซต์ได้ แต่ต้องล็อกอินก่อน ::
  ล็อกอิน

รายการสื่อสารสนเทศ

ลำดับที่ ประเภท เลขเรียก/บาร์โค้ด สถานที่ สถานะ
- ไม่พบข้อมูล -

รายการใกล้เคียง
    หัวเรื่อง [สุขศึกษา]

BibComment


ยังไม่เคยถูกคอมเมนท์

คอมเมนท์ทรัพยากรรายการนี้
  คอมเมนท์: กรณี การพัฒนาพฤ..


 Copyright 2026. Bcnsprnw @Library